000 00522nam a2200217Ia 4500
003 OSt
005 20221005123513.0
006 a|||||r|||| 00| 0
007 ta
008 221004b |||||||| |||| 00| 0 eng d
024 _a35914
037 _cTextual
040 _aCRL
_cCRL
_beng
041 _2eng
_aeng
082 _aO:1L92w, G3.2
245 0 _aLife of Percy Bysshe Shelley
260 _c1943
650 _aENGLISH LITERATURE
942 _hO:1L92w, G3.2
_cTEXL
_2cc
999 _c1047618
_d1047618